00375nam a2200157Ia 45000010006000000050017000060080041000230410008000640820015000721000027000872450050001142600009001643000028001736500008002016540008002091482720260306164942.0260306t2004||||xx |||||||||||||| ||spa|| aESP a519.4bL33 aLeader Jeffery J.eAUT 0aNumerical analysis and scientific computation c2004 a590 páginas :c24 cm. aGEN aCMA